Computer crafts for kids (Record no. 41210)

MARC details
000 -LEADER
fixed length control field 00682nam a2200253 i 4500
001 - CONTROL NUMBER
control field C2-0132097
003 - CONTROL NUMBER IDENTIFIER
control field PPAK
005 - DATE AND TIME OF LATEST TRANSACTION
control field 20180727122739.0
008 - FIXED-LENGTH DATA ELEMENTS--GENERAL INFORMATION
fixed length control field 971018s1994 caua|||| ||||| | eng d
020 ## - INTERNATIONAL STANDARD BOOK NUMBER
International Standard Book Number 1562761862
040 ## - CATALOGING SOURCE
Original cataloging agency PPAK
Language of cataloging eng
Transcribing agency PPAK
Description conventions rda
082 04 - DEWEY DECIMAL CLASSIFICATION NUMBER
Classification number 004
Edition number 23
090 00 - LOCALLY ASSIGNED LC-TYPE CALL NUMBER (OCLC); LOCAL CALL NUMBER (RLIN)
Classification number (OCLC) (R) ; Classification number, CALL (RLIN) (NR) 004
Feature heading KUN
Feature heading R
Classification number (OCLC) (R) ; Classification number, CALL (RLIN) (NR) 004
Feature heading KUN
Feature heading RK
100 1# - MAIN ENTRY--PERSONAL NAME
Personal name Kuntz, Margy,
Relator term author
245 10 - TITLE STATEMENT
Title Computer crafts for kids
264 #1 - PRODUCTION, PUBLICATION, DISTRIBUTION, MANUFACTURE, AND COPYRIGHT NOTICE
Place of production, publication, distribution, manufacture Emeryville, California :
Name of producer, publisher, distributor, manufacturer Ziff-David Press ,
Date of production, publication, distribution, manufacture, or copyright notice 1994
300 ## - PHYSICAL DESCRIPTION
Extent 116 pages :
Other physical details colour illustrations ;
Dimensions 28 cm
336 ## - CONTENT TYPE
Source rdacontent
Content type term text
337 ## - MEDIA TYPE
Source rdamedia
Media type term unmediated
338 ## - CARRIER TYPE
Source rdacarrier
Carrier type term volume
700 ## - ADDED ENTRY--PERSONAL NAME
Relator term author
942 ## - ADDED ENTRY ELEMENTS (KOHA)
-- dc
Koha item type Book
Holdings
Withdrawn Not for loan Current library Shelving location Date acquired Full call number Barcode Date last seen Koha item type Total Checkouts
  Not For Loan Perpustakaan Alor Setar Rujukan Kanak-kanak 18/10/1997 RK 004 KUN A00083038 08/05/2018 Book  
  Not For Loan Perpustakaan Alor Setar Rujukan Kanak-kanak 18/10/1997 RK 004 KUN A00083039 08/05/2018 Book  
  Not For Loan Perpustakaan Awam Sungai Petani Rujukan Kanak-kanak 24/02/2004 RK 004 KUN A00436755 08/05/2018 Book  
  Not For Loan Perpustakaan Awam Sungai Petani Rujukan Kanak-kanak 24/02/2004 RK 004 KUN A00436750 08/05/2018 Book  
  Not For Loan Perpustakaan Jitra Rujukan Dewasa 20/04/2004 R 004 KUN A00848785 08/05/2018 Book  
  Not For Loan Perpustakaan Yan Rujukan Dewasa 20/04/2004 R 004 KUN A00163191 29/11/2021 Book